UBT Library

An introduction to the philosophy of education (Record no. 41570)

000 -LEADER
fixed length control field 00634cam a22002291 4500
001 - CONTROL NUMBER
control field 7827937
005 - DATE AND TIME OF LATEST TRANSACTION
control field 20180201095510.0
008 - FIXED-LENGTH DATA ELEMENTS--GENERAL INFORMATION
fixed length control field 750317s1935 xx 000 0 eng
010 ## - LIBRARY OF CONGRESS CONTROL NUMBER
LC control number 35009351
035 ## - SYSTEM CONTROL NUMBER
System control number (OCoLC)1219715
040 ## - CATALOGING SOURCE
Original cataloging agency DLC
Transcribing agency NOsU
Modifying agency OCoLC
-- DLC
041 ## - LANGUAGE CODE
Language code of text/sound track or separate title eng
042 ## - AUTHENTICATION CODE
Authentication code premarc
080 ## - UNIVERSAL DECIMAL CLASSIFICATION NUMBER
Universal Decimal Classification number 370.1 geo
082 ## - DEWEY DECIMAL CLASSIFICATION NUMBER
Classification number 370.1 geo
100 1# - Rafti
Rafti 24
101 ## - Shkurtesa
Shkurtesa fil
245 13 - TITLE STATEMENT
Title An introduction to the philosophy of education
Statement of responsibility, etc [by] Michael Demiashkevich ...
504 ## - BIBLIOGRAPHY, ETC. NOTE
Bibliography, etc "Suggestions for reading" at end of each chapter.
906 ## - LOCAL DATA ELEMENT F, LDF (RLIN)
a 7
b cbc
c oclcrpl
d u
e ncip
f 19
g y-gencatlg
942 ## - ADDED ENTRY ELEMENTS (KOHA)
Source of classification or shelving scheme
Item type Books
Holdings
Withdrawn status Lost status Source of classification or shelving scheme Damaged status Not for loan Collection code Permanent location Current location Shelving location Date acquired Total Checkouts Full call number Barcode Date last seen Price effective from Koha item type
          Koleksioni i përgjithshem UBT - Lipjan UBT - Lipjan Koleksioni i përgjithshem 02/01/2018   370.1 geo 002-2997756 02/01/2018 02/01/2018 Books
UBT Library © 2015-2024. All rights reserved University Education for Business and Technology